Members & trade directory 1983.
| Format: | Book |
|---|---|
| Published: |
Kuala Lumpur:
The selangor Chamber Of Commerce,
1983.
|
| Subjects: |
| LEADER | 00451cam a2200157 7i4500 | ||
|---|---|---|---|
| 001 | 0000001638 | ||
| 005 | 19991025090000.0 | ||
| 002 | ##000002421 | ||
| 020 | 0 | 0 | |a T000002427 |
| 090 | 0 | 0 | |a 00.07 45 458 |b PAN |
| 245 | 0 | 0 | |a Members & trade directory 1983. |
| 260 | 0 | 0 | |a Kuala Lumpur: |b The selangor Chamber Of Commerce, |c 1983. |
| 300 | 0 | 0 | |a 389p. |
| 650 | 0 | 0 | |a Business -- |x Directories |
| 651 | 0 | 0 | |a Malaysia |
| 999 | |a 0000003890 |b Book |c Reference |e Business Information Centre | ||